000 00428nam a2200133Ia 4500
008 220326s9999||||xx |||||||||||||| ||und||
084 _a10057 ANO Gov Bo.1
100 _aAnonim
245 0 _aPraktek-Praktek yang baik dalam memerangi korupsi di Asia
260 _aJakarta
_bTransparency International Indonesia
_c2003
300 _aiii + 69 halaman
650 _aGovernment (Pemerintahan)
_eG-O-V
_yMemerangi Korupsi
942 _cBK
999 _c12567
_d12567